Львів пори року (Запис № 16917)

000 -Маркер запису
Контрольне поле сталої довжини 00842nam a22002537a 4500
003 - Належність контрольного номера
Контрольне поле Uzh_bibl
008 - Кодовані дані
Контрольне поле сталої довжини 260305b |||||||| |||| 00| 0 ukr d
020 ## - Індекс ISBN
ISBN 978-966-7594-76-3
Ціна 487.50
040 ## - Джерело каталогіз.
Код мови каталог. укр.
041 ## - Код мови видання
Код мови оригіналу українська
Код мови тексту українська
080 ## - Індекс УДК
Індекс УДК 908
090 ## - Шифри
Поличний індекс 908
Авторський знак П32
100 ## - Автор
Автор Пилип'юк, Василь
245 ## - Назва
Назва Львів пори року
Відповідальність Техн.ред. В.Слічний
Фізичний носій Текст
260 ## - Вихідні дані
Місце видання Львів
Видавництво "Світло і тінь"
Дата видання 2015
300 ## - Фізичний опис
Обсяг 271 с.
Ілл./тип відтвор. іл.
Тип одиниці В опр.
520 ## - Анотація
Анотація Фотоальбом
521 ## - Примітка про цільове призначення
Примітка про цільове призначення Для широкого кола читачів
546 ## - Примітка про мову
Примітка про мову укр.
-- англ.,пол.
650 ## - Тематичні рубрики
Основна рубрика Мистецьке видання
653 ## - Ключові слова
Ключові слова Фотоальбом
655 ## - Термін індексування — жанр/форма
Жанр/форма Мистецька література
Типове ділення Фотоальбом
942 ## - ADDED ENTRY ELEMENTS (KOHA)
Джерело класифікації чи схема поличного розташування
Koha item type Книги
Фонди
Статус вилучення Статус втрати/відсутності Джерело класифікації чи схема поличного розташування Статус пошкодження Тип обігу (не для випозичання) Постійне розташування Поточне розташування Розташування у відділі Дата надходження Інвентарний номер Total Checkouts Повний (примірниковий) шифр зберігання Штрих-код Date last seen Дата, для якої чинна ціна заміни Тип одиниці (рівень примірника)
          Бібліотека-філія №2 Бібліотека-філія №2 Абонемент старший відділ 05/03/2026 66095   908 19553 05/03/2026 05/03/2026 Книги

Працює на АБІС Коха